|
|
|
|
| LEADER |
00927nam a2200217 a 4500 |
| 001 |
4538607 |
| 008 |
100413s1969 ilua b 001 0 eng d |
| 010 |
|
|
|a 68008162
|
| 040 |
|
|
|a DLC
|c DLC
|d DLC
|d BD-DhAAL
|
| 082 |
0 |
0 |
|a 301/.01
|
| 100 |
1 |
|
|a Wallace, Walter L.,
|e comp.
|
| 245 |
1 |
0 |
|a Sociological theory;
|b an introduction.
|c Walter L. Wallace, editor.
|
| 260 |
|
|
|a Chicago,
|b Aldine Pub. Co.
|c 1969
|
| 300 |
|
|
|a xiv, 296 p.
|b illus.
|c 25 cm.
|
| 504 |
|
|
|a Includes bibliographical references.
|
| 541 |
1 |
|
|e 00009716
|
| 650 |
|
0 |
|a Sociology.
|
| 852 |
4 |
|
|a Ayesha Abed Library
|j General shelf
|
| 999 |
|
|
|c 8114
|d 8114
|
| 952 |
|
|
|0 0
|1 0
|2 ddc
|4 0
|6 301_010000000000000_WAL_1969
|7 0
|9 9261
|a BRACUL
|b BRACUL
|c GEN
|d 2010-04-18
|l 0
|o 301.01 WAL
|p 3010009716
|r 2010-04-18
|t 1
|w 2010-04-18
|y BK
|
| 952 |
|
|
|0 0
|1 0
|2 ddc
|4 0
|6 301_010000000000000_WAL_1969
|7 0
|9 9262
|a BRACUL
|b BRACUL
|c GEN
|d 2010-04-18
|l 2
|m 2
|o 301.01 WAL
|p 3010009676
|r 2014-12-18
|s 2014-09-25
|t 2
|w 2010-04-18
|y BK
|